000 00805cab a2200217 4500
001 ABS38174
008 090401t1987 xxu||||| |||| 00| 0 eng d
035 _a(Sirsi) u9016
041 _aeng
100 _aBranson, C.
245 _aNew scope for mortgage market
260 _c1987
350 _a0
490 _aChartered Surveyor Weekly
_v20(9) 3 September 1987, 22(1)
520 _aWith increasing competition in the mortgage market, the number of institutions willing to offer loans is rising. This brief article looks at the effect of the Household Mortgage Corporation , and in particular the way it chose to raise finance for mortgages - floating rate notes .
650 _aCOMMERCIAL MORTGAGES
650 _aSHARED EQUITY
690 _aHOUSING-FINANCE
942 _n0
948 _c04/03/1997
999 _c5588
_d5588